JACKBOYS Tracklisting - Statistics

General Stats
  • This quiz has been taken 8 times
  • The average score is 5 of 7
Answers on the Grid
Answers color-coded by a green-red scale on the quiz's grid according to % correct below.
HIGHEST IN THE ROOM
LOOOVE
JACKBOYS
HAD ENOUGH
5% TINT
APPLE PIE
DELRESTO
KICK OUT
WHO? WHAT?
GATTI
OUT WEST
CAROUSEL
HYAENAS
GANG GANG
SIRENS
WHAT TO DO?
90210
CAN'T SAY
 
Answer Stats
Answer % Correct
JACKBOYS
100%
GATTI
83%
HIGHEST IN THE ROOM
83%
OUT WEST
83%
GANG GANG
67%
WHAT TO DO?
67%
HAD ENOUGH
50%
No matching quizzes found
Score Distribution
Percent of People with Each Score
Percentile by Number Answered
Your Score History
You have not taken this quiz